MDQL
is popping MORE tags! Check the
thread
!
Quizzes
Events
Quiz Creation
Community
Videos
Private Events
Remove Ads
Sign In
Join for FREE
Feedback
Dark Mode
Quiz Categories
Sports
Geography
Music
Movies
Television
Just For Fun
Miscellaneous
History
Literature
Language
Science
Gaming
Entertainment
Religion
Holiday
For Kids
Quiz Lab
Recent
Popular Today
Quiz Kudos Today
Editor Picks
Curator Picks
Quizzes by...
Day
Popularity
Type
Ratings
Length
Year
Community
Subscriptions
Recent Discussions
Orange Saloon
Badges
Playlists
Quests
Create
Leaderboards
Showdown
Live 5
Trivia Bingo
Activity
Puzzle Library
Sporcle Events
Private Events
Virtual Trivia
Globe League
Become a Host
Pub Owners
SporcleCon
Opinionation
Our Games
Videos
Blog
Mobile Apps
Partnerships
Remove Ads and Go Orange
Feedback
Sports
Athletes
MLB
NBA
NHL
NFL
Soccer
Sports Teams
WWE
NCAA
Football
Premier League
Basketball
Baseball
Hockey
Golf
Tennis
Cricket
Rugby
Auto Racing
Olympics
World Cup
Sports
Athletes
MLB
NBA
NHL
NFL
Soccer
Sports Teams
WWE
NCAA
Football
Premier League
Basketball
Baseball
Hockey
Golf
Tennis
Cricket
Rugby
Auto Racing
Olympics
World Cup
Random Quiz
Search Sporcle
×
Quiz Lab
Quiz Lab
Sports
West
Type in answers that appear in a list
Type in answers that appear in a list
Classic
Best Score? Go Orange.
West Ham Captains Stats
Can you name the West Ham Captains from 1895-2012?
By
jam98
8m
33 Questions
174 Plays
174 Plays
174 Plays
Comments
Comments
Give Quiz Kudos
Give Quiz Kudos
-
- Ratings
hide this ad
Replay
Link that replays current quiz
Next Quiz
Link to next quiz in quiz playlist
You Got
0%
They Got
Avg Score
33%
Avg Friend Score
Upgrade to see
Score Distribution
Jump to the score distribution portion of the page
Score
0/33
Timer
08:00
0
Plays Today
Year
Name
% Correct
2015-
Present
Mark Noble
100%
2011-
2015
Kevin Nolan
93.7%
1961-
1974
Bobby Moore
88.5%
1974-
1984
Billy Bonds
77%
2001-
2003
Paolo Di Canio
75.9%
1992-
1993
Julian Dicks
71.8%
1996-
1997
Julian Dicks
71.8%
2009-
2011
Matt Upson
66.7%
2003
Joe Cole
60.3%
2005-
2007
Nigel Reo Coker
58%
2007-
2009
Lucas Neill
55.7%
1997-
2001
Steve Lomas
54.6%
1984-
1990
Alvin Martin
54%
1993-
1996
Steve Potts
53.4%
2003-
2005
Christian Dailly
46.6%
1990-
1992
Ian Bishop
32.8%
1960-
1961
Ken Brown
24.7%
Year
Name
% Correct
1951-
1957
Malcolm Allison
20.7%
1957-
1960
Noel Cantwell
10.9%
1947-
1951
Dick Walker
5.7%
1922-
1926
George Kay
4%
1936-
1939 & 1945-
1947
Charles Bicknell
2.9%
1903-
1904
Ernest Watts
1.7%
1895
Bob Stevenson
1.1%
1898-
1899
Walter Tranter
1.1%
1899
Tom Bradshaw
1.1%
1899-
1903
Charlie Dove
1.1%
1904-
1907
David Gardner
1.1%
1907-
1911
Frank Piercy
1.1%
1911-
1915
Tommy Randall
1.1%
1921-
1922
Billy Cope
1.1%
1926-
1927
Jack Hebden
1.1%
1928-
1929
Tommy Hodgson
0.6%
Quiz Playlist
Details
Report
Send in Message
Add To Playlist
Classic:
Type in answers that appear in a list
Quiz Source
Last Updated: Feb 16, 2017
Quiz Scoreboard
CHALLENGE
Sign Up to Join the Scoreboard
Show All
Scores
Hide
Comments
May contain spoilers
Recently Published
Image Sorting: Flags VI
by Barbecue
Geography
2m
Find the 'City' Movie
by crazypaving
Movies
60s
Colored Red Africa Blitz
by spor1
Geography
45s
More to Explore
Quiz From the Vault
Featured Blog Post
14 Easter Pick-up Lines to Find Eggs With
hide this ad
You Might Also Like...
Tags
captain
ham
West
Today's Top Quizzes in Sports
Browse Sports
hide this ad
Today's Top Quizzes in West
Browse West
Top Contributed Quizzes in Sports
1
Les meilleurs buteurs des matchs entre le PSG et l’OM
2
Les entraîneurs de l'OM et du PSG au 21e siècle
3
Les joueurs passés par le PSG et l'OM
4
2022 World Cup Stars
5
Players with Multiple 50 Home Run Seasons
6
Criteria MLB: Left Handed Sluggers
7
Les joueurs passés par le LOSC et le RC Lens
8
NBA Logic Puzzle 2.0
9
MLB Players with Two .350 Batting Average Seasons
10
FIFA Club World Cup Champions
Explore More
Trending Topics
Disney
Crossword
Harry Potter
Marvel
Kpop
Anime
NBA
Song
Soccer
NFL
Puzzle
Country
The Office
Pokémon
WWE
hide this ad
More By:
jam98
Quiz
Plays
Rating
Category
Featured
Created
High School Musical 2 'Everyday' Lyrics
10,253
4.86
Music
Jul 7, 2013
Bastille 'Pompeii' lyrics
6,459
4.41
Music
May 7, 2013
'This Love' Maroon 5 lyrics
5,105
4.57
Music
Jun 5, 2013
Zlatan Ibrahimovic's Clubs
2,187
4.15
Sports
Jul 14, 2012
'Young Volcanoes' Lyrics
2,068
5.00
Music
Jul 7, 2013
Go to Creator's Profile
Score Distribution
Quiz Creator Spotlight
jam98
Follow
Send a Message
Quizzes Created
-
Created Quiz Play Count
-
More By This Creator
Popular Quizzes Today
1
Colored Red Africa Blitz
2
Find the US States - No Outlines Minefield
3
Find the 'City' Movie
4
5x2 Blitz: Bands
5
The Countries of the World
6
Find the US States
7
Find the Countries of Europe - No Outlines Minefield
8
US States
More Sports Quizzes
NBA Eastern Conference Runners-up Starting Lineups
Quiz Lab
Trending Quizzes
Colored Red Europe Blitz I
Colored Red Europe Blitz II
Colored Red Africa Blitz II
Colored Red Europe Blitz III
Colored Red Africa Blitz III
Recently Updated
How Do You Spell That?
pecheneg
Godzilla Movies
pecheneg
Grab Bag: 4-10 Letters
pecheneg
2024 March Madness Bracket
pecheneg
Famous TV Couples
Peacemaker
Champions League XIs: Real Madrid
pecheneg
Largest US Cities 1790-2010
pecheneg
Rides in Walt Disney World
pecheneg
Most Oscar Losses (Acting)
pecheneg
Beyoncé Albums
pecheneg
Trending Topics
Harry Potter
Anime
Marvel
NBA
Crossword
Kpop
Disney
Puzzle
WWE
Soccer
Pokémon
Country
Song
The Office
NFL
Your Account Isn't Verified!
In order to create a playlist on Sporcle, you need to verify the email address you used during registration. Go to your
Sporcle Settings
to finish the process.
Report this User
Report this user for behavior that violates our
Community Guidelines
.
Details:
Send Report
Go to the Sporcle.com Mobile Site →
Comments